000 00442nam a2200181Ia 4500
001 11646
005 20260306162843.0
008 260306t1960||||xx |||||||||||||| ||spa||
041 _aESP
082 _a985.612
_bR41
100 _aRendón, Maximiliano
_eAUT
245 0 _aLeyendas del Valle Sagrado de los Incas
260 _c1960
300 _ax, 233 páginas :
_c21 cm.
650 _aGEN
654 _aCHU
942 _cLIB
_dJUS
_fJUS
_2ddc
_n
999 _c11646
_d11646